مكافحة الجريمة / (رقم التسجيلة. 55515)

تفاصيل مارك
000 -LEADER
fixed length control field 00735nam a22002417a 4500
005 - DATE AND TIME OF LATEST TRANSACTION
control field 20251108171045.0
008 - FIXED-LENGTH DATA ELEMENTS--GENERAL INFORMATION
fixed length control field 250721s1995 xx 000 0 ara d
020 ## - INTERNATIONAL STANDARD BOOK NUMBER
International Standard Book Number 9772614359
082 14 - DEWEY DECIMAL CLASSIFICATION NUMBER
Classification number ط/364.4/جرا
100 1# - MAIN ENTRY--PERSONAL NAME
Personal name جراهام، إيان
245 10 - TITLE STATEMENT
Title مكافحة الجريمة /
264 1# - PRODUCTION, PUBLICATION, DISTRIBUTION, MANUFACTURE, AND COPYRIGHT NOTICE
Place of production, publication, distribution, manufacture القاهرة :
Name of producer, publisher, distributor, manufacturer سفير،
Date of production, publication, distribution, manufacture, or copyright notice [1995].
300 ## - PHYSICAL DESCRIPTION
Extent 44 ص. : مص.
490 0# - SERIES STATEMENT
Series statement علوم في دائرة الضوء
650 17 - SUBJECT ADDED ENTRY--TOPICAL TERM
Topical term or geographic name as entry element بصمات الأصابع
650 17 - SUBJECT ADDED ENTRY--TOPICAL TERM
Topical term or geographic name as entry element الجريمة
650 17 - SUBJECT ADDED ENTRY--TOPICAL TERM
Topical term or geographic name as entry element مكافحة الجريمة
650 17 - SUBJECT ADDED ENTRY--TOPICAL TERM
Topical term or geographic name as entry element الدليل الجنائي
653 ## - INDEX TERM--UNCONTROLLED
Uncontrolled term ناشئون كبار (15-18 سنة)
700 1# - ADDED ENTRY--PERSONAL NAME
Personal name المجدوب، أحمد
Relator term ترجمة
942 ## - ADDED ENTRY ELEMENTS (KOHA)
Source of classification or shelving scheme Dewey Decimal Classification
Koha item type كتب
المقتنيات
حالة السحب حالة الفقدان مصدر التصنيف حالة التلف غير قابل للإعارة المكتبة الرئيسية المكتبة الحالية موقع الرف تاريخ التزويد الرقم المتسلسل Total Checkouts رقم الإستدعاء الباركود تاريخ آخر ظهور تاريخ الفاتورة نوع المادة (كوها)
    Dewey Decimal Classification     مكتبة أم المؤمنين للأطفال مكتبة أم المؤمنين للأطفال الأطفال 28/07/2025 430441   ط/364.4/جرا 430441 28/07/2025 28/07/2025 كتب
    Dewey Decimal Classification     مكتبة أم المؤمنين للأطفال مكتبة أم المؤمنين للأطفال الأطفال 28/07/2025 430566   ط/364.4/جرا 430566 28/07/2025 28/07/2025 كتب
    Dewey Decimal Classification     مكتبةمؤتة مكتبةمؤتة الأطفال 06/07/2014 [ 964 ]   ط/364.4/جرا PLD00333818 28/07/2025 06/07/2014 كتب
Implemented & Customized by: BBB with SCIT (Smart Chains for Information Technology)

Powered by Koha